|
|
|
|
| LEADER |
00000nab a2200000 a 4500 |
| 001 |
vtls008627499 |
| 003 |
SK-MaSNL |
| 005 |
20260304134354.0 |
| 008 |
250505c2005 xo mr|p|||||||000 b|slo |
| 015 |
|
|
|a SNBRB2006/03
|2 snkbucl
|
| 035 |
|
|
|a (uuid)861ab0eb-88c1-411f-b58e-15550933e709
|
| 035 |
|
|
|a urn:nbn:sk:snk-abwqs
|
| 035 |
|
|
|a (urnnbn)urn:nbn:sk:snk:ar-a00rnc
|
| 038 |
|
|
|a SNKBUCL
|
| 040 |
|
|
|a SNKBUCL
|b slo
|c SNKBUCL
|e AACR2
|
| 041 |
0 |
|
|a slo
|
| 044 |
|
|
|a xo
|c SK
|
| 080 |
|
|
|a 638.132
|x (437.6)
|2 1997
|
| 080 |
|
|
|a 638.14.03
|x (437.6)
|2 1997
|
| 100 |
1 |
|
|a Bizub, František,
|d 1945-
|4 aut
|9 159500
|
| 245 |
1 |
0 |
|a Repka pod Kriváňom
|c František Bizub
|
| 300 |
|
|
|b Fotogr., graf
|
| 650 |
0 |
7 |
|a včelia pastva
|2 snkbucl
|9 81467
|
| 650 |
0 |
7 |
|a medonosné rastliny
|2 snkbucl
|9 81468
|
| 650 |
0 |
7 |
|a repka olejná
|2 snkbucl
|9 56830
|
| 651 |
|
7 |
|a Liptov (Slovensko : región)
|2 snkbucl
|9 151081
|
| 773 |
0 |
|
|t Včelár
|g Roč. 79, č. 12 (2005), s. 187
|x 0139-6064
|
| 850 |
|
|
|a Slovenská národná knižnica
|
| 852 |
|
|
|a Slovenská národná knižnica
|
| 954 |
|
|
|a odborná, vedecká literatúra pôvodná (slovenská)
|2 lita
|
| 958 |
|
|
|a article27
|
| 958 |
|
|
|a OND
|
| 958 |
|
|
|a EUIPO
|
| 999 |
|
|
|c 2906554
|d 2908484
|